[Event "Beersheba 16th"]
[Site "Beersheba"]
[Date "1997.02.24"]
[Round "1"]
[White "Mikhalevski, Victor"]
[Black "Tseitlin, Mark D"]
[Result "0-1"]
[WhiteElo "2535"]
[BlackElo "2505"]
[Annotator "Ftacnik,L"]
[PlyCount "75"]
[EventDate "1997.02.24"]
[EventType "tourn"]
[EventRounds "11"]
[EventCountry "ISR"]
[EventCategory "12"]
[SourceTitle "CBM 058"]
[Source "ChessBase"]
[SourceDate "1997.06.01"]
[SourceVersion "1"]
[SourceVersionDate "1997.06.01"]
[SourceQuality "1"]

1. d4 Nf6 2. c4 g6 3. Nc3 d5 4. Nf3 Bg7 5. Qb3 dxc4 6. Qxc4 O-O 7. e4 Na6 8.
Be2 c5 9. d5 e6 10. O-O exd5 11. exd5 Re8 12. Rd1 Bd7 (12... Bf5 13. Bf4 (13.
d6 $5 Ne4 (13... h6 14. h3 (14. Bf4 Nd7 15. Rd2 Nb4 16. Qb3 Be6 17. Bc4 Nb6 18.
Bxe6 Rxe6 19. Na4 $5 (19. a3 $6 Nd3 $1 20. Bg3 c4 21. Qc2 Rc8 22. Rad1 Qd7 23.
h4 f5 24. Rxd3 $8 {Karpov,A-Kasparov,G/Sevilla (m/21)/1987/0.5 (28)}) (19. Bg3
Qd7 20. a3 Nc6 21. Qb5 Rc8 22. Rad1 Bxc3 23. bxc3 Ne5 24. Qxd7 {Rao,V-Kasparov,
G/New York sim/1988/0-1 (51)}) (19. Nb5 Re4 20. Be3 Nc4 21. Bxc5 Nxd2 22. Nxd2
Re2 23. Qxb4 a5 24. Qf4 g5 $17 {Karpov}) 19... Re4 $2 (19... Nxa4 20. Qxa4 Qf6
(20... Nc6 21. Qb5 (21. d7 $5) 21... g5 22. Bg3 Qb6 23. Qc4 Nd4 24. Nxd4 Bxd4
25. h3 Rd8 26. Rad1 Rdxd6 27. Bxd6 Qxd6 {Kaunas,K-Sakalauskas,V/Siauliai (07)
1995/0-1 (65)}) 21. Bg3 a6 $13) 20. Bg3 (20. Be3 Nc6 $1 21. Nxc5 Rb4 22. Qd3
Nc4 $132) 20... Nc4 21. Nxc5 Nxd2 22. Nxd2 Re2 (22... Rg4 23. Ne6) 23. Qxb4 a5
24. Qxb7 Rxd2 25. d7 (25. Re1 $5 Rb8 26. Qc7 $16) 25... Rxb2 26. Qd5 {1-0
Piket,J-Kasparov,G/Amsterdam Euwe-mem (06)/1995 (41)}) 14... Nd7 (14... Nb4 $1
15. Bf4 $1 Nd7 16. Rd2 a6 17. Qb3 b5 18. Qd1 c4 19. a4 $1 Nc5 20. axb5 Nbd3 21.
Bxd3 Nxd3 22. Rxd3 $2 cxd3 $2 23. Nd5 $1 axb5 24. Ne7+ $1 {Karpov,A-Kasparov,G/
Sevilla (m/15)/1987/0.5 (43)}) 15. Be3 Nb4 16. Rac1 Be6 17. Qb5 b6 18. Qa4 a6
19. Rd2 b5 20. Qd1 Rb8 21. a3 Nc6 22. Nb1 Na5 23. Rxc5 Nxc5 24. Bxc5 Qd7 {
0-1 May,F-Schnitzspan,L/Wiesbaden op (07)/1993 (37)}) (13... Nb4 14. Ng5 Qd7
15. Qxc5 Rxe2 16. Nxe2 Nc2 17. Rb1 Rc8 18. Qxa7 Nb4 19. Ra1 Nc2 20. Rb1 Nb4 21.
Bd2 Bxb1 22. Rxb1 Nc6 23. Qa3 Re8 24. Ng3 {Horvath,C-Yuferov,S/Kobanya op (10)/
1991/1-0 (48)}) 14. Nb5 (14. d7 $1) 14... Bd7 15. a4 Nb4 (15... Qb6 16. Be3)
16. Qb3 $1 Qb6 17. Be3 Bxb5 18. Bxb5 Nc6 19. d7 Red8 20. Qc4 (20. Ng5 Nxg5 21.
Bxg5 Bd4 $1) 20... Nf6 21. Bxc5 Qc7 {1-0 Piket,J-Gulko,B/Groningen/1990 (34)})
(13. Be3 Rxe3 14. fxe3 Ng4 15. e4 Bd7 16. Qb3 Bh6 17. Rf1 b5 18. Bxb5 Rb8 19.
a4 Nc7 20. Qc4 a6 21. Bxd7 Qxd7 22. Qe2 Re8 {1-0 Dumpor,A-Antic,D/JUG-ch (09)/
1991 (36)}) 13... Ne4 (13... Nd7 14. Rd2 Nb6 15. Qb3 Nb4 16. Bb5 Bd7 17. Be2
Bg4 18. a3 Bxf3 19. Bxf3 Nd3 20. Bg3 c4 21. Qc2 Qd7 22. Rb1 f5 {Malmi,
L-Dzevlan,M/Rilton Cup op9394 (03)/1993/0-1 (49)}) 14. Bd3 Nxc3 15. bxc3 Bxd3
16. Rxd3 Qa5 17. Rb1 Re2 18. d6 Qxa2 19. Qxa2 Rxa2 20. d7 Rd8 21. Re1 Bf6 22.
Re8+ Kg7 23. g4 {1-0 Levy,R-Pagmucco,L/Dornbirn op/1988/}) (12... Qb6 13. Qb5
$6 Bd7 14. Qxb6 axb6 15. Kf1 (15. Bb5 Nb4) 15... Nb4 16. a3 Ne4 $1 17. Bd2 (17.
Nxe4 Rxe4 18. Rb1 Rae8 $1 19. Rd2 Rxe2 20. Rxe2 Bb5 $19) 17... Nc2 18. Ra2 (18.
Rac1 $5) 18... Nxd2+ 19. Rxd2 Nxa3 $1 20. d6 $6 (20. Bd3) 20... Nb1 $1 21. Rc2
(21. Rxa8 Nxd2+ 22. Nxd2 Rxa8 $19) 21... Nxc3 22. Rxa8 (22. bxc3 $17) 22...
Rxa8 23. bxc3 Ra1+ 24. Ne1 Ba4 {0-1 Meulders,R-Miralles,G/Lyon zt (06)/1990/})
(12... b6 13. Qa4 Nc7 14. Bg5 Bb7 15. Qh4 Qd6 16. Bf4 Qd8 17. Bc4 Rc8 18. Bxc7
Qxc7 19. a4 {1/2-1/2 Kallai,G-Fogarasi,T/Balatonbereny (05)/1995/}) (12... h6
13. Bf4 Bf5 14. Be5 Ng4 15. Bxg7 Kxg7 16. Qf4 Qf6 17. Bb5 Nb4 18. Bxe8 Rxe8 19.
a3 Nc2 20. Rac1 g5 21. Qd2 Nd4 22. Nxd4 cxd4 23. Nb5 d3 {0-1 Hofman,R-Van
Alphen,M/Soest op (02)/1996/ (38)}) 13. a3 (13. d6 h6 (13... b5 $2 14. Nxb5 Re4
15. Qc2 Nb4 16. Qd2 $18) (13... Be6 $6 14. Qh4 $16) 14. Qb3 Qb6 15. Be3 Be6 16.
Qa3 Nd7 17. Rac1 Qb4 (17... Rac8 18. Na4 Qb4 19. Bxa6 bxa6 20. Nxc5 Qxb2 $14)
18. Rd2 Rac8 (18... Rad8 $5) 19. Nb5 Qe4 20. h3 {0-1 Bareev,E-Miralles,G/
Marseille (05)/1990 (42)}) 13... h6 14. h3 Rb8 15. Bf4 b5 16. Qd3 Rb6 17. Ne5
c4 18. Qf3 Nc5 19. a4 b4 (19... bxa4 20. Nxc4 $16) 20. Nb5 Nh5 (20... a6 21.
Nc6 (21. Nd4 $2 Bxa4) 21... Bxc6 22. dxc6 Qe7 23. Nd4 $16) 21. Nxd7 Nxf4 22.
Qxf4 (22. Nxc5 $2 Nxe2+ 23. Kf1 Bxb2 $19) 22... Re4 (22... Qxd7 23. Qxc4 Bxb2
24. Ra2 $14) 23. Qc1 (23. Qd2 Qxd7 24. Bf3 c3 $1 $15) 23... Nb3 (23... Qxd7 24.
Bxc4 a6 25. Bf1 Bf8 (25... Nb3 26. Qc2 Nxa1 27. Qxe4 axb5 28. Bxb5 Rxb5 29.
axb5 Bxb2 30. Qxb4 $16) 26. d6 Rc6 27. Nc7 $13) 24. Qc2 Rxe2 (24... Nxa1 25.
Qxe4 Qxd7 26. Rxa1 $18) 25. Qxe2 Qxd7 (25... Nxa1 26. Nxb6 $18) 26. Rab1 Na5
27. d6 Bf6 28. Qf3 Kg7 29. Qa8 $2 (29. Qd5 $16) 29... Nc6 $1 30. Nxa7 $1 (30.
Rd5 Rb8 $19) 30... Nxa7 31. Qd5 Rc6 32. Rbc1 (32. Qa5 c3 $19) 32... Nc8 33. Qb5
(33. Rxc4 Rxd6 $19) 33... Nxd6 34. Qxb4 Qc7 35. Rd5 $6 (35. Qd2 Rb6 36. a5 Ra6
37. b4 c3 $17) 35... Rb6 36. Qa5 Bxb2 37. Rc2 Bf6 38. Qc5 (38. Rc5 Rb1+ 39. Kh2
Qxa5 40. Rxa5 c3 $19) 0-1

[Event "Linares 17th"]
[Site "Linares"]
[Date "2000.03.04"]
[Round "5"]
[White "Kasparov, Garry"]
[Black "Leko, Peter"]
[Result "1/2-1/2"]
[WhiteElo "2851"]
[BlackElo "2725"]
[Annotator "Ftacnik,L"]
[PlyCount "76"]
[EventDate "2000.02.28"]
[EventType "tourn"]
[EventRounds "10"]
[EventCountry "ESP"]
[EventCategory "21"]
[SourceTitle "CBM 076"]
[Source "ChessBase"]
[SourceDate "2000.05.31"]
[SourceVersion "1"]
[SourceVersionDate "2000.05.31"]
[SourceQuality "1"]

1. d4 Nf6 2. Nf3 g6 3. c4 Bg7 4. Nc3 d5 5. Qb3 dxc4 6. Qxc4 O-O 7. e4 a6 8. Be2
b5 9. Qb3 c5 10. dxc5 Bb7 11. O-O Nxe4 12. Nxe4 Bxe4 13. Bg5 Nc6 14. Qe3 Qd5 $5
(14... Bf5 15. Bh6 Bxb2 16. Rad1 Qa5 17. Bxf8 Rxf8 18. Bd3 $14) 15. Rad1 Qe6 (
15... Qf5 16. Bh6 Bxh6 17. Qxh6 f6 18. Nd4 Nxd4 19. Rxd4 Rfd8 20. Qd2 Rxd4 21.
Qxd4 Bc6 22. Bg4 Qd5 23. Qxd5+ Bxd5 24. Rd1 e6 25. Bf3 Bxf3 26. gxf3 a5 27. a3
a4 28. c6 {1/2-1/2 Piket,J-Sokolov,I/Batumi/1999/ (28)}) 16. Bh6 Bf5 17. Bxg7
Qxe3 18. fxe3 Kxg7 19. a3 {Kasparov is said to have dwelled quite long in this
position, obviously concept with 14...Dd5!? was less known to him. On the
contrary Leko knew the problems inside out and was able to hold his own even
in the post mortem analyses.} (19. Rd2 Rfc8 $5 (19... Rfd8 20. Rfd1 Rxd2 21.
Rxd2 Kf6 22. Kf2 Be4 23. a3 Rd8 24. Rxd8 Nxd8 25. Nd2 Bd5 26. e4 Bc6 27. Ke3 e5
28. b4 Ne6 29. Nb1 $1 $14) 20. Nd4 Be4 21. Rf4 Nxd4 22. exd4 Bd5 $11) 19...
Rfd8 20. b4 Bc2 21. Rxd8 Rxd8 22. Rc1 Be4 (22... Bd3 $2 23. Nd4 Rxd4 24. exd4
Bxe2 25. d5 Nd4 26. c6 Bg4 27. Re1 $1 Ne2+ 28. Rxe2 Bxe2 29. h3 $18) 23. Kf2
Kf6 24. g4 (24. Rd1 Rxd1 25. Bxd1 a5 26. bxa5 Nxa5 27. Nd4 Nc4 28. c6 Nxa3 29.
Bf3 Bxf3 30. gxf3 Nc4 31. c7 Nd6 32. Nxb5 Nc8 $11) 24... h6 25. h4 Ke6 {
Black avoids creation of the further weaknesses, white has hard time inventing
the method of making any progress.} (25... g5 $6 26. hxg5+ hxg5 27. Nd4 $1 Nxd4
(27... Ke5 28. Bf3 Bxf3 29. Nxf3+ Kf6 30. Ke2 $14) 28. exd4 Rxd4 29. Ke3 Ke5
30. c6 Rd8 31. a4 $1 $16) 26. Rd1 (26. Nd4+ Ke5) (26. g5 Bxf3 27. Bxf3 Ne5 28.
Rd1 Rxd1 29. Bxd1 hxg5 30. hxg5 Kd7 $11) 26... Bxf3 $1 27. Rxd8 (27. Kxf3 Rxd1
28. Bxd1 Ke5 29. Bb3 Nd8 $11) 27... Bxe2 28. Rc8 Kd7 29. Rxc6 Kxc6 30. Kxe2 {
[%mdl 4096] This pawn endgame is far from trivial, but Leko was sure about the
way to hold.} f6 31. Kd3 e6 32. Kd4 g5 $1 33. h5 (33. hxg5 hxg5 $11) 33... Kd7
34. e4 Kc6 35. e5 (35. Kd3 e5 $11) 35... f5 36. gxf5 exf5 37. e6 f4 $1 (37...
g4 38. Ke5 g3 39. e7 Kd7 40. Kf6 g2 41. c6+ $18) 38. Ke4 (38. Ke5 $2 f3 39. e7
Kd7 40. Kf6 f2 41. c6+ Ke8 42. c7 f1=Q+ $19) 38... Kc7 1/2-1/2

[Event "EU-chT (Men) 14th"]
[Site "Plovdiv"]
[Date "2003.10.19"]
[Round "8.4"]
[White "Gagunashvili, Merab"]
[Black "Khalifman, Alexander"]
[Result "1/2-1/2"]
[WhiteElo "2582"]
[BlackElo "2678"]
[Annotator "Ftacnik,L"]
[PlyCount "64"]
[EventDate "2003.10.10"]
[EventType "team-swiss"]
[EventRounds "9"]
[EventCountry "BUL"]
[SourceTitle "CBM 098"]
[Source "ChessBase"]
[SourceDate "2004.02.03"]
[SourceVersion "1"]
[SourceVersionDate "2004.02.03"]
[SourceQuality "1"]
[WhiteTeam "Georgia"]
[BlackTeam "Russia"]
[WhiteTeamCountry "GEO"]
[BlackTeamCountry "RUS"]

1. d4 Nf6 2. c4 g6 3. Nc3 d5 4. Nf3 Bg7 5. Qb3 dxc4 6. Qxc4 O-O 7. e4 Na6 8.
Qb3 c5 9. d5 e6 10. Bxa6 bxa6 11. O-O exd5 12. exd5 Bf5 13. Qc4 {[%mdl 4]
Gagunashvili is consequently playing this line, Khalifman is accepting the
challenge of fighting for black side.} (13. Rd1 Rb8 (13... Ne4 14. Nxe4 Bxe4
15. Bf4 Rc8 16. d6 Bxf3 17. Qxf3 Qd7 18. Rd2 Rfe8 19. Rad1 Re6 20. h3 {1-0
Radziejewski,D-Jezierski,P/Porabka 1986/ (34)}) 14. Qa3 Qd6 15. Be3 Rfc8 16. h3
Ne4 17. Rac1 Nxc3 18. bxc3 h6 19. Bd4 Be4 20. Bxg7 Bxf3 21. gxf3 Kxg7 {0-1
Atalik,S-Najer,E/Groningen 1999/ (58)}) (13. Bf4 Bd3 (13... Qb6 14. Rac1 (14.
Rfd1 c4 15. Qxc4 Qxb2 16. Be5 Ng4 17. Bd4 Nxf2 18. Bxf2 Rfc8 19. Qxa6 Qxc3 20.
d6 Rc6 21. Qb7 Rd8 22. Bg3 Rd7 {Flear,G-Ristic,N/Dortmund II 1989/ (22)}) 14...
Qb4 15. Bd6 Rfd8 16. Be7 Rdb8 17. d6 Qxb3 18. axb3 Rxb3 19. Na4 Nd7 20. Nxc5
Nxc5 21. Rxc5 Rd3 {0-1 Legky,N-Salaun,Y/Cannes/1992/ (41)}) 14. Rfd1 c4 15. Qb7
Qc8 16. Qxc8 Raxc8 17. Ne5 Nh5 18. Nxd3 cxd3 19. Bg5 Bxc3 20. bxc3 Rxc3 21. Be7
Rb8 22. d6 Rb7 23. Kf1 f5 {1/2-1/2 Legky,N-Stohl,I/Vrnjacka Banja/1989/ (28)})
13... Qb6 14. Be3 (14. Rd1 Rfe8 15. Be3 Rac8 $13) 14... Qxb2 15. Rac1 (15. Bxc5
$2 Rfc8 16. Rac1 (16. Qb4 Qxb4 17. Bxb4 Rc4 18. a3 Rac8 $17) 16... Nd7 17. Na4
Qb5 $17) 15... Nd7 {It is quite possible, that white would have to work harder
after the tricky move 15...Rfc8!?} (15... Rfc8 $5 16. Na4 Qb5 17. Rfd1 Nxd5 18.
Rxd5 Be6 19. Qxb5 axb5 20. Rdxc5 bxa4 $17) 16. Na4 (16. Rfd1 Qb4 17. Ne2 $13)
16... Qb5 (16... Qb4 17. Qxa6 (17. Nxc5 Qxc4 18. Rxc4 Nb6 19. Rcc1 Nxd5 20. Nd4
Nxe3 21. fxe3 Bc8 $15) 17... Rac8 18. Rfe1 $11) 17. Qxb5 axb5 18. Nxc5 Nb6 19.
d6 (19. Rfd1 $2 Bb2 $17) 19... Nc4 20. Bg5 (20. d7 Rfd8 21. Rcd1 Bf8 $17) 20...
Bb2 (20... Rfc8 21. d7 Rxc5 22. d8=Q+ Rxd8 23. Bxd8 Rc8 24. Be7 Be4 $44) 21.
Rcd1 (21. Be7 Bxc1 22. Rxc1 Rfc8 23. d7 Rxc5 24. Bxc5 Bxd7 $17) 21... f6 22.
Bf4 Ba3 23. Rd5 (23. Na6 Rad8 24. Nd4 Bxd6 25. Bxd6 Rxd6 26. Nc5 Rd5 27. Nxf5
Rxc5 $17) 23... Nb6 (23... Bg4 24. Nb7 Bd7 25. Nd4 a6 $15) 24. Rxf5 $1 {
White must play with great phantasy just to keep chances for the equality.}
gxf5 25. Ne6 Nd5 (25... Rf7 26. Nc7 Rc8 27. Nxb5 Bc5 28. Bg3 (28. Nh4 Nd5 29.
Bh6 Rb7 $17) 28... Nc4 $15) 26. Bg3 (26. Nxf8 Nxf4 27. Nxh7 (27. Nd7 Rd8 28.
Nxf6+ Kg7 $19) 27... Ne2+ 28. Kh1 Kxh7 $17) (26. Rd1 Nxf4 27. Nxf4 Rf7 28. Rd3
Bb2 29. Nd5 Rd7 30. Ne7+ Kf7 31. Nxf5 Rc8 $15) 26... f4 (26... Rfe8 $5 27. Nc7
(27. Nfd4 Bb2 28. d7 Re7 29. d8=Q+ Rxd8 30. Nxd8 Bxd4 31. Nc6 Re4 $17) 27...
Nxc7 28. dxc7 Rac8 29. Rd1 (29. Nd4 f4 30. Bxf4 Re4 31. Nxb5 Rxf4 32. Nxa3 Rxc7
$19) 29... Bc5 30. Rd7 Bb6 $17) 27. Nxf8 fxg3 28. Ne6 gxf2+ $6 {Exception to
the rule! Black would have done much better with swap of the pawn that is
further from the center 28...gxh2+!} (28... gxh2+ $1 29. Nxh2 Kf7 (29... Bxd6
30. Rd1 Bxh2+ 31. Kxh2 Nc3 32. Rd7 a5 $17) 30. Nc7 Nxc7 31. dxc7 Rc8 32. Rb1 b4
33. Ng4 Rxc7 34. Ne3 a5 $17) 29. Rxf2 Bxd6 (29... Kf7 30. Nfg5+ $1 Kg6 31. Ne4
f5 32. N4c5 $16) 30. Rd2 Kf7 31. Rxd5 Kxe6 32. Rxb5 Rc8 1/2-1/2

[Event "Beersheba"]
[Site "Beersheba"]
[Date "1996.??.??"]
[Round "1"]
[White "Mikhalevski, Victor"]
[Black "Vydeslaver, Alik"]
[Result "1-0"]
[WhiteElo "2495"]
[BlackElo "2480"]
[Annotator "Ftacnik,L"]
[PlyCount "79"]
[EventDate "1996.03.??"]
[EventType "tourn"]
[EventRounds "11"]
[EventCountry "ISR"]
[EventCategory "10"]
[SourceTitle "CBM 053"]
[Source "ChessBase"]
[SourceDate "1996.08.01"]
[SourceVersion "1"]
[SourceVersionDate "1996.08.01"]
[SourceQuality "1"]

1. d4 Nf6 2. c4 g6 3. Nc3 d5 4. Nf3 Bg7 5. Qb3 dxc4 6. Qxc4 a6 7. e4 b5 8. Qb3
O-O 9. e5 Ng4 10. h3 Nh6 11. Bd3 (11. Bf4) 11... Bb7 (11... Nf5 $6 12. Be4 Ra7
(12... c6 13. Qd1 {/\ g4} (13. Ne2 Ra7 14. Bf4 Be6 15. Qc2 Kh8 16. h4 Rd7 17.
h5 Kg8 18. O-O-O c5 19. dxc5 Rxd1+ 20. Rxd1 Qa5 21. b3 Rc8 22. Kb1 b4 23. c6
Qc7 24. hxg6 $40 {Soffer,R-Fogarasi,T/Budapest FS JunGM (06)/1994/1-0 (32)}))
13. g4 $1 Nh6 (13... Nxd4 14. Nxd4 Qxd4 15. Be3 Qxe5 16. Bxa7 $18) 14. Be3 $16
{[+] פh6} c6 15. O-O-O Qa5 16. Kb1 Rc7 17. Bd2 Rb7 18. Ne2 Qb6 19. Bf4 Kh8 $8
20. Qe3 Ng8 21. h4 $18 {1-0 Milov,V-Svidler,P/Haifa/1995/ (28)}) (11... c5 $2
12. Be4 Ra7 13. dxc5 Nd7 14. Qa3 $18) 12. Bxh6 (12. Be4 Bxe4 13. Nxe4 Nc6 $6 (
13... Nf5 14. Be3 Nc6 (14... c6 15. O-O Qd5 16. Nc5 Rd8 17. Rfc1 Nd7 18. Rc2
Nb6 19. Nb7 Rdc8 20. Na5 Rc7 21. Rac1 Rac8 22. Qxd5 Nxd5 23. Bd2 e6 24. Nxc6 {
1-0 Farago,I-Pfrommer,C/Regensburg op (04) 1996 (43)}) 15. Rd1 Na5 16. Qc3 (16.
Qd3 Qd5 $13) 16... Qd5 17. Nc5 b4 18. Qxb4 Qxa2 19. Qa3 Qxa3 20. bxa3 Nxe3 21.
fxe3 Nc4 22. Rd3 Bh6 23. Ke2 Rfb8 24. Rc1 Rb2+ 25. Nd2 Nxd2 26. Rxd2 Rab8 27.
Rxb2 Rxb2+ 28. Kf3 {1-0 Legky,N-Sion Castro,M/Cordoba op 1995 (35)}) 14. Bxh6
$1 Bxh6 (14... Nxd4 $2 15. Nxd4 Qxd4 16. Qe3 $1 $18) 15. Rd1 Na5 (15... e6 $6
16. d5 $1 $16) 16. Qb4 Nc4 17. O-O c6 18. Rfe1 Nb6 $6 (18... a5 19. Qc3 Qc8 $14
) 19. Qc5 $1 Rc8 20. e6 $1 f6 21. Re2 Bf4 $5 22. g3 Bb8 23. Qa3 $1 Rc7 24. Qe3
$1 {0-1 Soffer,R-Shmuter,L/Israel/1994/ (44)}) 12... Bxh6 13. Be4 Nc6 (13... c6
14. O-O e6 (14... Nd7 15. e6) 15. Na4 $1 (15. a4 Nd7 16. axb5 axb5 17. Rxa8 (
17. Nxb5 $2 Qb6 $19) 17... Qxa8 $10 {Soffer,R-Shmuter,L/Israel/1994/}) 15...
Nd7 16. Nc5 $16 Qc7 17. Qc3 Rfc8 18. Rfd1 a5 19. a3 a4 20. Ne1 $18 {Milov,
V-Shmuter,L/Israel/1994/}) 14. Rd1 Na5 15. Qc2 (15. Qb4 Bxe4 16. Nxe4 c6 17.
O-O Ra7 18. Rfe1 Nc4 19. e6 f6 20. Re2 Nb6 21. Qc5 Bf4 22. g3 Bb8 23. Kg2 Na4
24. Qc1 Qd5 25. b3 Nb6 26. Qh6 Qh5 27. Qxh5 gxh5 28. Rc1 {Hoelzl,F-Fogarasi,T/
Budapest Elekes (07)/1995/1-0 (51)}) 15... Bxe4 16. Qxe4 b4 (16... Nc4 17. b3
Nb6 18. d5 $16) 17. Na4 e6 18. b3 Qd5 19. Qh4 (19. Qxd5 exd5 20. Nc5 $14) 19...
Bg7 20. O-O Nc6 21. Rc1 Rfd8 22. Rc4 $1 (22. Rc5 Qd7 23. Rfc1 $2 Nxd4) 22...
Bf8 23. Rfc1 Ne7 24. Rxc7 Rac8 (24... Nf5 $2 25. Qf6 Be7 26. Rxe7 Nxe7 27. Qxe7
$18) 25. Qf6 h6 26. R1c5 Rxc7 (26... Qe4 27. Rxe7 $18) 27. Rxc7 Re8 28. Nc5 Bg7
(28... Qa8 29. Nxe6 $1 fxe6 30. Qxe6+ Kh8 31. Nh4 Qe4 32. Qf7 Qxh4 33. Qxe8 $18
) 29. Rxe7 $1 Bxf6 30. Rxe8+ Kg7 31. exf6+ Kxf6 32. Rb8 Qf5 (32... a5 33. Rb7
Qd8 34. Rd7 Qc8 35. Ne5 $18) 33. Rxb4 Qb1+ 34. Kh2 Qxa2 35. Rb7 Qe2 (35... Qxf2
$2 36. Ne4+ $18) 36. Ne5 h5 (36... Kg7 37. Rxf7+ Kh8 38. Nxe6 $18) 37. h4 (37.
Rxf7+ Kg5 38. Nxe6+ Kh6 39. f4 $18) 37... Kg7 38. Nxe6+ Kg8 (38... Kf6 39. Nf4
Qxf2 40. Rxf7#) 39. Rb8+ Kh7 40. Nxf7 (40. Nxf7 g5 41. Nfxg5+ Kh6 42. Rh8+ Kg6
43. Nf4+ Kg7 44. Rh7+ $18) 1-0

[Event "Lyon zt"]
[Site "Lyon"]
[Date "1990.??.??"]
[Round "11"]
[White "Van der Sterren, Paul"]
[Black "Miralles, Gilles"]
[Result "0-1"]
[WhiteElo "2515"]
[BlackElo "2460"]
[Annotator "Ftacnik,L"]
[PlyCount "62"]
[EventDate "1990.04.??"]
[EventType "tourn"]
[EventRounds "13"]
[EventCountry "FRA"]
[EventCategory "8"]
[SourceTitle "CBM 018"]
[Source "ChessBase"]
[SourceDate "1990.10.01"]
[SourceVersion "1"]
[SourceVersionDate "1990.10.01"]
[SourceQuality "1"]

1. d4 Nf6 2. c4 g6 3. Nc3 d5 4. Nf3 Bg7 5. Qb3 dxc4 6. Qxc4 O-O 7. e4 Na6 8.
Be2 c5 9. d5 e6 10. O-O exd5 11. exd5 Re8 12. Be3 Bf5 13. Rad1 Rc8 $5 {N} (
13... Ne4) (13... Qb6 14. b3 Rxe3 15. fxe3 Ng4 16. Na4 Qd6 17. Qf4 Qxf4 18.
exf4 Nb4 $132 {Farago,I-Kozul,Z/Montpellier-A/1989/ ->TD89_10}) 14. h3 (14. Qb3
$5 Nb4 15. Rd2 {/\ Qd1}) 14... Nb4 15. Ne1 Ne4 16. Nxe4 (16. a3 Nxc3 17. bxc3
Nc2 18. Nxc2 Bxc2) 16... Rxe4 17. Qb3 a5 18. g4 (18. a3 c4 19. Qa4 $2 Bd7)
18... Bd7 19. Rc1 (19. Rd2 c4 20. Qd1 c3 $1) 19... a4 20. Qd1 a3 $1 (20... Bxb2
21. Rxc5 $22 Nxa2 22. Qc2) 21. bxa3 Nxa2 22. Bd3 (22. Rxc5 Rxc5 23. Bxc5 Nc3
$19) (22. Rc4 Nc3 23. Qd3 Nxe2+ 24. Qxe2 Bb5 $19) 22... Rxe3 $1 23. fxe3 Nxc1
24. Qxc1 c4 25. Bc2 Qg5 $1 (25... Qh4 26. Kg2 Be5 27. Rf3 h5 $40) 26. Qd2 c3
27. Qd3 Rc5 28. Bb3 (28. e4 Bb5 $19) 28... c2 (28... Bb5 $19) 29. Nf3 (29. Nxc2
Rc3) (29. Bxc2 Bb5) 29... Qf6 30. Bxc2 Bb5 31. Qe4 Bxf1 {Ftacnik,L} (31... Bxf1
32. Kxf1 Rxc2 $19) 0-1

[Event "Perenyi Memorial"]
[Site "Gyula"]
[Date "2000.01.24"]
[Round "1"]
[White "Horvath, Csaba"]
[Black "Ni, Hua"]
[Result "1/2-1/2"]
[WhiteElo "2519"]
[BlackElo "2390"]
[Annotator "Ftacnik,L"]
[PlyCount "44"]
[EventDate "2000.01.24"]
[EventType "tourn"]
[EventRounds "13"]
[EventCountry "HUN"]
[EventCategory "9"]
[SourceTitle "CBM 076"]
[Source "ChessBase"]
[SourceDate "2000.05.31"]
[SourceVersion "1"]
[SourceVersionDate "2000.05.31"]
[SourceQuality "1"]

1. d4 Nf6 2. c4 g6 3. Nc3 d5 4. Nf3 Bg7 5. Qb3 dxc4 6. Qxc4 O-O 7. Bf4 Na6 8.
e4 c5 9. d5 e6 10. d6 Nb4 {This wild line came into prominence with the
Piket's game against Kasparov in Wijk 2000, but black should be able to get
enough counterplay.} (10... Nh5 11. e5 Nb4 12. Bg5 f6 13. exf6 Nxf6 14. O-O-O
Bd7 15. Ne5 Qa5 16. Bxf6 Rxf6 17. Nxd7 Rxf2 18. Ne5 Kh8 19. Nxg6+ hxg6 20. Qh4+
Kg8 21. Qxf2 Nxa2+ 22. Nxa2 Qxa2 {1/2-1/2 Pedersen,J-Hvenekilde,J/Esbjerg/1972/
(30)}) (10... Qb6 11. e5 Nh5 12. O-O-O Nxf4 13. Qxf4 Bd7 14. Bc4 Bc6 15. Rhe1
Qb4 16. a3 Qa5 17. Ne4 Bxe4 18. Qxe4 b5 19. Ba2 c4 20. Kb1 Rac8 21. d7 Rc5 22.
Re2 Rd8 {0-1 Mira,H-Horvath,M/Vienna/1999/ (43)}) (10... e5 11. Bxe5 (11. Nxe5
Nh5 $11) 11... Nb4 12. Rd1 Be6 13. Qxc5 Nc2+ 14. Kd2 Nd7 15. Qc7 Nxe5 16. Qxd8
Raxd8 17. Kxc2 Ng4 18. Rd2 Bh6 19. Re2 Rxd6 20. h3 Nf6 21. g4 Nd7 {1/2-1/2
Piket,J-Kasparov,G/Wijk aan Zee/2000/ (41)}) 11. e5 (11. Rd1 $5) 11... Nc2+ 12.
Kd2 Nxa1 13. exf6 Bxf6 14. Qxc5 e5 $6 {It is a pitty for black not to have
found the best move 14...b6!? since white position with centralized king calls
for a punishment.} (14... Qb6 15. Qxb6 axb6 16. Bc4 b5 17. Bxb5 Bxc3+ 18. Kxc3
Rxa2 19. Rd1 $16) (14... b6 $5 15. Qe3 (15. Qc7 g5 16. Qxd8 Rxd8 17. Ne4 gxf4
18. Nxf6+ Kg7 19. Nh5+ Kh6 20. Nxf4 Rxd6+ 21. Bd3 f6 22. Ke3 e5 23. Ne2 Rxd3+
24. Kxd3 Bf5+ $15) 15... e5 16. Bxe5 Bxe5 17. Qxe5 Re8 18. Qd4 Re6 19. d7 Bxd7
20. Bd3 Bc6 $19) 15. Bxe5 Re8 (15... Bxe5 16. Nxe5 Bf5 17. Bc4 Nc2 18. d7 $13)
16. Bxf6 (16. Qd4 $5 Bxe5 17. Nxe5 Bf5 (17... Qf6 18. f4 Bf5 19. Nd5 $16) 18.
Nxf7 Kxf7 19. Bc4+ Be6 20. Rxa1 $11) 16... Qxf6 17. Qd4 (17. Bc4 Qf4+ 18. Kd1
Bf5 $19) 17... Qxd4+ 18. Nxd4 Rd8 19. Bd3 Rxd6 20. Nce2 b6 {This move is
coming too late..} (20... Be6 21. Rxa1 Rad8 22. Ke3 $16) 21. Rxa1 Bb7 22. f3 (
22. Bc4 Rad8 23. Kc3 Bxg2 $11) 22... Rad8 (22... Rad8 23. Kc3 Rc8+ 24. Kd2 Rcd8
$11) 1/2-1/2